header

Muslims in modern Turkey (Record no. 175924)

MARC details
000 -LEADER
fixed length control field 01981nam a2200409 a 4500
082 04 - DEWEY DECIMAL CLASSIFICATION NUMBER
Classification number 305.55208829709561
100 1# - MAIN ENTRY--AUTHOR NAME
Personal name Karasipahi, Sena.
245 10 - TITLE STATEMENT
Title Muslims in modern Turkey
260 ## - PUBLICATION, DISTRIBUTION, ETC. (IMPRINT)
Place of publication London ;
-- New York :
Name of publisher I.B. Tauris ;
Place of publication New York :
Name of publisher Distributed in the United States and Canada exclusively by Palgrave Macmillan,
Year of publication 2009.
300 ## - PHYSICAL DESCRIPTION
Number of Pages viii, 247 p.
490 1# - SERIES STATEMENT
Series statement Library of modern Middle East studies ;
505 0# - FORMATTED CONTENTS NOTE
Formatted contents note The emergence of contemporary Turkish Muslim intellectuals -- Analysis and explanation of the contemporary Turkish Muslim intellectuals and their discourses -- Examination of the Muslim intellectuals' thoughts on concepts other than west and modernity -- Comparison of the Turkish Muslim intellectuals across time and space.
650 #0 - SUBJECT ADDED ENTRY--TOPICAL TERM
Topical Term Muslims
Topical Term Islam and secularism
Topical Term Kemalism.
Topical Term Religion and civilization.
856 40 - ELECTRONIC LOCATION AND ACCESS
Uniform Resource Identifier http://site.ebrary.com/lib/rucke/Doc?id=10310811

No items available.

© 2026 Rongo University
Contact us: librarian | system librarian | Rongo university